Exploring calculus with Mathematica : For the macintosh interface /

Enregistré dans:
Détails bibliographiques
Auteurs principaux: Finch, James K (Auteur), Lehman, Millanne (Auteur)
Format: Livre
Langue:anglais
Publié: Reading : Addison-Wesley Publishing Company, 1992
Édition:1.vyd.
Tags: Ajouter un tag
Pas de tags, Soyez le premier à ajouter un tag!

MARC

LEADER 00000nam a22000003a 4500
001 stu7733
005 20201002114803.3
008 950426s1992----xxu-----------------eng-d
020 |a 0-201-55572-7 
040 |a STU  |b slo 
041 0 |a eng 
044 |a xxu 
080 |a 681.32.06 
080 |a MATHEMATICA 
080 |a 519.68 
080 |a 517  |7 stu_us_auth*stu8334 
100 1 |a Finch, James K  |4 aut 
245 1 |a Exploring calculus with Mathematica :  |b For the macintosh interface /  |c [aut.] Finch,James K.; Lehman,Millanne 
250 |a 1.vyd. 
260 |a Reading :  |b Addison-Wesley Publishing Company,  |c 1992 
300 |a 341 s :  |b disketa 
700 1 |a Lehman, Millanne  |4 aut 
996 |b E79844  |c E*79844  |l EE03  |s P  |a 0  |w stu7733_0001